Catálogo

Educación 3.0 : (Registro nro. 64683)

Detalles MARC
000 -LEADER
fixed length control field 01387cam a2200337 i 4500
001 - CONTROL NUMBER
control field 64683
003 - CONTROL NUMBER IDENTIFIER
control field Mx-PuUPA
005 - DATE AND TIME OF LATEST TRANSACTION
control field 20240410104107.0
008 - FIXED-LENGTH DATA ELEMENTS--GENERAL INFORMATION
fixed length control field 160331s2015 cc g 000 0 spa d
020 ## - INTERNATIONAL STANDARD BOOK NUMBER
International Standard Book Number 9786071303103
040 ## - CATALOGING SOURCE
Original cataloging agency Mx-PuUPA
Transcribing agency Mx-PuUPA
Modifying agency Mx-PuUPA
Description conventions rda
Language of cataloging spa
041 1# - LANGUAGE CODE
Language code of text/sound track or separate title spa
Language code of original eng
100 1# - MAIN ENTRY--PERSONAL NAME
9 (RLIN) 13279
Personal name Sánchez Zinny, Gabriel,
Relator term autor
240 10 - UNIFORM TITLE
Uniform title Edcucation 3.0 : the struggle for talent in Latin America.
Language of a work Español
245 10 - TITLE STATEMENT
Title Educación 3.0 :
Remainder of title la batalla por el talento en América Latina /
Statement of responsibility, etc. Gabriel Sánchez Zinny con la colaboración de James McBride ; traductor, Guillermo Villacrés Cárdenas
250 ## - EDITION STATEMENT
Edition statement Primera edición /
Remainder of edition statement febrero
264 #4 - PRODUCTION, PUBLICATION, DISTRIBUTION, MANUFACTURE, AND COPYRIGHT NOTICE
Place of production, publication, distribution, manufacture Bogotá, Colombia :
Name of producer, publisher, distributor, manufacturer Carvajal Soluciones Educativas,
Date of production, publication, distribution, manufacture, or copyright notice ©2015
300 ## - PHYSICAL DESCRIPTION
Extent 310 páginas ;
Dimensions 23 cm
336 ## - CONTENT TYPE
Content type term texto
Content type code txt
Fuente rdacontent
337 ## - MEDIA TYPE
Source rdamedia
Media type term sin medio
Media type code n
338 ## - CARRIER TYPE
Source rdacarrier
Carrier type term volumen
Carrier type code nc
650 #7 - SUBJECT ADDED ENTRY--TOPICAL TERM
Source of heading or term armarc
Topical term or geographic name entry element Educación
Geographic subdivision América Latina
650 #7 - SUBJECT ADDED ENTRY--TOPICAL TERM
Source of heading or term armarc
Topical term or geographic name entry element Calidad de la educación
Geographic subdivision América Latina
650 #7 - SUBJECT ADDED ENTRY--TOPICAL TERM
Source of heading or term armarc
Topical term or geographic name entry element Pedagogía
Geographic subdivision América Latina
700 1# - ADDED ENTRY--PERSONAL NAME
Personal name McBride, James,
Relator term colaborador
700 1# - ADDED ENTRY--PERSONAL NAME
Personal name Villacrés Cárdenas, Guillermo,
Relator term traductor
765 08 - ORIGINAL LANGUAGE ENTRY
Main entry heading Sánchez Zinny, Gabriel,
Title Edcucation 3.0 : the struggle for talent in Latin America.
942 ## - ADDED ENTRY ELEMENTS (KOHA)
Source of classification or shelving scheme Dewey Decimal Classification
Koha item type Libro
Classification part 370.98
Item part S194
Existencias
Withdrawn status Lost status Source of classification or shelving scheme Damaged status Not for loan Collection code Home library Current library Shelving location Date acquired Total Checkouts Full call number Barcode Date last seen Price effective from Koha item type
    Dewey Decimal Classification     General Tehuacán Tehuacán Sala general 14/09/2022   370.98 S194 2015 968000000929 08/01/2025 14/09/2022 Libro